Blue Prince Rooms - Statistics

General Stats
  • This quiz has been taken 10 times
  • The average score is 63 of 111
Answer Stats
Type Room % Correct
Wild Aquarium
100%
Blueprint Billiard Room
100%
Blueprint Boiler Room
100%
Blueprint Classroom
100%
Blueprint Closet
100%
Blueprint Den
100%
Hallway East Wing Hall
100%
Green Room Greenhouse
100%
Bedroom Guest Bedroom
100%
Bedroom Her Ladyship's Chamber
100%
Shop Kitchen
100%
Blueprint Pump Room
100%
Blueprint Walk-in Closet
100%
Hallway West Wing Hall
100%
Blueprint Antechamber
80%
Bedroom Bedroom
80%
Bedroom Boudoir
80%
Shop Commissary
80%
Green Room Conservatory
80%
Hallway Corridor
80%
Green Room Courtyard
80%
Red Room Darkroom
80%
Blueprint Dining Room
80%
Blueprint Freezer
80%
Red Room Furnace
80%
Blueprint Garage
80%
Hallway Great Hall
80%
Hallway Hallway
80%
Outer Room Hovel
80%
Blueprint Locker Room
80%
Shop Locksmith
80%
Red Room Maid's Chamber
80%
Blueprint Mechanarium
80%
Blueprint Pantry
80%
Blueprint Parlor
80%
Blueprint Spare Room
80%
Blueprint The Pool
80%
Blackprint Throne Room
80%
Outer Room Tomb
80%
Green Room Veranda
80%
Red Room Archives
60%
Bedroom Bunk Room
60%
Shop Casino
60%
Blueprint Chamber of Mirrors
60%
Red Room Chapel
60%
Blueprint Clock Tower
60%
Green Room Cloister
60%
Blueprint Entrance Hall
60%
Hallway Foyer
60%
Shop Gift Shop
60%
Red Room Gymnasium
60%
Blueprint Laboratory
60%
Red Room Lavatory
60%
Bedroom Master Bedroom
60%
Blueprint Nook
60%
Blueprint Observatory
60%
Green Room Patio
60%
Blueprint Room 46
60%
Outer Room Root Cellar
60%
Outer Room Schoolhouse
60%
Green Room Secret Garden
60%
Shop Showroom
60%
Outer Room Shrine
60%
Blueprint Study
60%
Shop The Armory
60%
Blueprint The Foundation
60%
Blueprint The Kennel
60%
Blueprint Trophy Room
60%
Hallway Tunnel
60%
Blueprint Attic
40%
Blueprint Conference Room
40%
Blueprint Drawing Room
40%
Blueprint Gallery
40%
Blueprint Library
40%
Red Room Lost & Found
40%
Green Room Morning Room
40%
Blueprint Music Room
40%
Blueprint Office
40%
Hallway Passageway
40%
Hallway Secret Passage
40%
Bedroom Servant's Quarters
40%
Outer Room Shelter
40%
Green Room Terrace
40%
Outer Room Toolshed
40%
Outer Room Trading Post
40%
Hallway Vestibule
40%
Red Room Weight Room
40%
Blueprint Wine Cellar
40%
Blueprint Workshop
40%
Shop Bookshop
20%
Bedroom Dormitory
20%
Blueprint Dovecote
20%
Shop Laundry Room
20%
Blueprint Mail Room
20%
Blueprint Planetarium
20%
Blueprint Room 8
20%
Blueprint Rotunda
20%
Blueprint Rumpus Room
20%
Blueprint Sauna
20%
Blueprint Security
20%
Green Room Solarium
20%
Blueprint Storeroom
20%
Blackprint Treasure Trove
20%
Blueprint Utility Closet
20%
Blueprint Ballroom
0%
Red Room Closed Exhibit
0%
Blueprint Coat Check
0%
Blueprint Drafting Studio
0%
Bedroom Nursery
0%
Blueprint Throne of the Blue Prince
0%
Blueprint Vault
0%
No matching quizzes found
Score Distribution
Percent of People with Each Score
Percentile by Number Answered
Your Score History
You have not taken this quiz